<?xml version="1.0" encoding="UTF-8"?>
<collection xmlns="http://www.loc.gov/MARC21/slim">
 <record>
  <leader>00217    a2200085   4500</leader>
  <datafield tag="020" ind1=" " ind2=" ">
   <subfield code="a">9789849176237</subfield>
  </datafield>
  <datafield tag="100" ind1=" " ind2=" ">
   <subfield code="a">Tofail Ahmed</subfield>
  </datafield>
  <datafield tag="245" ind1=" " ind2=" ">
   <subfield code="a">Bangladesh Reform Agenda for Local Governance</subfield>
  </datafield>
  <datafield tag="260" ind1=" " ind2=" ">
   <subfield code="b">Prothoma Prokashan</subfield>
   <subfield code="c">2016</subfield>
  </datafield>
  <datafield tag="999" ind1=" " ind2=" ">
   <subfield code="c">42321</subfield>
   <subfield code="d">42321</subfield>
  </datafield>
 </record>
</collection>
